| 000 | 02037nam0a2200337 4500 | ||
|---|---|---|---|
| 001 | RU\NLR\BIBL_A\011896746 | ||
| 005 | 20190110122309.0 | ||
| 010 |
_a978-5-4317-0309-6 _9100 |
||
| 021 |
_aRU _bКН-П-18-090752 _9КН-П-18-6592 |
||
| 035 | _a(NLR Aleph) 011896746 | ||
| 035 | _a(RuMoRGB)009824660 | ||
| 090 |
_a10861921 _c10861921 |
||
| 100 | _a20181220d2018 u y0rusy50 ca | ||
| 101 | 0 | _arus | |
| 102 | _aRU | ||
| 105 | _aa|||zzzz0|1zy | ||
| 200 | 1 |
_aРесоциализация лиц, отбывающих, отбывших уголовное наказание и освобожденных _eметодические рекомендации _fАдоевская О. А., Щукина Н. П. _gФедеральное государственное автономное образовательное учреждение высшего образования "Самарский национальный исследовательский университет имени академика С. П. Королёва" (Самарский университет), Самарский государственный медицинский университет (СамГМУ) |
|
| 210 |
_aСамара _cИнсома-пресс _d2018 |
||
| 215 |
_a74 с. _cтабл., цв. ил. _d21 |
||
| 320 | _aБиблиогр.: с. 49-53 и в подстроч. примеч. | ||
| 606 | 1 |
_aОсужденные _jМетодические пособия _xРесоциализация _92247270 _3RU\NLR\AUTH\661348147 |
|
| 610 | 0 | _aресоциализация лиц отбывающих, отбывших уголовное наказание | |
| 610 | 0 | _aресоциализация осужденных | |
| 686 | 1 | _aХ628.418я7 | |
| 700 | 1 |
_aАдоевская _bО. А. _gОльга Александровна |
|
| 701 | 1 |
_aЩукина _bН. П. _gНина Петровна |
|
| 942 | _cBOOK | ||
| 980 | _aNBR | ||
| 980 | _aNB | ||